Masks (Record no. 10383)

MARC details
000 -CABECERA
campo de control de longitud fija 01080nam a2200289 a 4500
001 - NÚMERO DE CONTROL
campo de control BRL_1574
005 - FECHA Y HORA DE LA ÚLTIMA TRANSACCIÓN
campo de control 20190320211253.0
008 - DATOS DE LONGITUD FIJA--INFORMACIÓN GENERAL
campo de control de longitud fija 180314s1999----nyuao#####---#000-0#eng-#
020 ## - NÚMERO INTERNACIONAL ESTÁNDAR DEL LIBRO
Número Internacional Estándar del Libro 0810943794
041 ## - CÓDIGO DE LENGUA
Código de lengua del texto/banda sonora o título independiente eng
044 ## - CÓDIGO DEL PAÍS DE LA ENTIDAD EDITORA/PRODUCTORA
Código MARC del país nyu
050 #4 - SIGNATURA TOPOGRÁFICA DE LA BIBLIOTECA DEL CONGRESO
Número de clasificación GN419.5
Número de documento/Ítem .N85 1999
100 1# - ENTRADA PRINCIPAL--NOMBRE DE PERSONA
Nombre de persona Nunley, John W.
Fechas asociadas al nombre 1945-
Forma completa/desarrollada del nombre (John Wallace)
9 (RLIN) 27291
245 10 - MENCIÓN DE TÍTULO
Título Masks
Resto del título faces of culture
Mención de responsabilidad, etc. John W. Nunley [and] Cara McCarty.
260 ## - PUBLICACIÓN, DISTRIBUCIÓN, ETC.
Lugar de publicación, distribución, etc. New York
Nombre del editor, distribuidor, etc. Harry N. Abrams
Fecha de publicación, distribución, etc. 1999
300 ## - DESCRIPCIÓN FÍSICA
Extensión 344 p.
Otras características físicas il., fotografías
Dimensiones 30 cm.
500 ## - NOTA GENERAL
Nota general Au1790
500 ## - NOTA GENERAL
Nota general Publicado para acompañar una exposición celebrada en el St. Louis Art Museum, Oct. 9, 1999-Jan. 2, 2000, the Field Museum, Chicago, Feb. 19-May 14, 2000, and the Museum of Fine Arts, Houston, June 25-Oct. 1, 2000.
504 ## - NOTA DE BIBLIOGRAFÍA, ETC.
Nota de bibliografía, etc. Bibliografía: p. 337-339
650 14 - PUNTO DE ACCESO ADICIONAL DE MATERIA--TÉRMINO DE MATERIA
Término de materia o nombre geográfico como elemento de entrada Máscaras
Subdivisión de forma Exposiciones
9 (RLIN) 27327
700 1# - PUNTO DE ACCESO ADICIONAL--NOMBRE DE PERSONA
Nombre de persona McCarty, Cara
Término indicativo de función/relación coaut.
9 (RLIN) 27328
710 2# - PUNTO DE ACCESO ADICIONAL--NOMBRE DE ENTIDAD CORPORATIVA
Nombre de entidad corporativa o nombre de jurisdicción como elemento de entrada St. Louis Art Museum
9 (RLIN) 27298
710 2# - PUNTO DE ACCESO ADICIONAL--NOMBRE DE ENTIDAD CORPORATIVA
Nombre de entidad corporativa o nombre de jurisdicción como elemento de entrada Museum of Fine Arts, Houston
9 (RLIN) 27329
710 2# - PUNTO DE ACCESO ADICIONAL--NOMBRE DE ENTIDAD CORPORATIVA
Nombre de entidad corporativa o nombre de jurisdicción como elemento de entrada Field Museum of Natural History.
9 (RLIN) 27330
902 ## - CATALOGADOR
Iniciales GRL
942 ## - ELEMENTOS DE PUNTO DE ACCESO ADICIONAL (KOHA)
Fuente del sistema de clasificación o colocación Library of Congress Classification
Tipo de ítem Koha Libros
Holdings
Estado de retiro Estado de pérdida Estado dañado No para préstamo Localización permanente Ubicación/localización actual Fecha de adquisición Número de inventario Total de préstamos Signatura topográfica completa Código de barras Fecha visto por última vez Precio válido a partir de Tipo de ítem Koha
El ejemplar forma parte de la colección y puede ser consultado según las políticas vigentes.       Biblioteca Centro de Estudios Ruth D. Lechuga Biblioteca Centro de Estudios Ruth D. Lechuga 18/03/2014 Au1790   GN419.5 .N85 1999 (Au1790) GRL01734 22/03/2019 22/03/2019 Libros